Математическое и программное обеспечение САПР: научно-технический сборник; Вып. 1

Bibliographic Details
Corporate Author: Томский политехнический университет
Other Authors: Погребной В. К. Владимир Кириллович (редактор)
Summary:Настоящий сборник содержит результаты научно-исследовательских работ, выполненных на кафедре Авто­матизации проектирования Томского политехнического университета. Представлены три направления исследова­ний: автоматизированное проектирование распределен­ных систем реального времени; обработка данных и мо­делирование; методы решения ряда инженерных задач в области проектирования.
Language:Russian
Published: Томск, Изд-во ТПУ, 1997
Subjects:
Format: Book
KOHA link:https://koha.lib.tpu.ru/cgi-bin/koha/opac-detail.pl?biblionumber=5131

MARC

LEADER 00000nam0a2200000 4500
001 5131
005 20260410163706.0
035 |a (RuTPU)RU\TPU\book\5158 
035 |a BOOK00005207 
090 |a 5131 
100 |a 20011209d1997 k y0rusy50 ca 
101 0 |a rus 
102 |a RU 
105 |a y z 000zy 
200 1 |a Математическое и программное обеспечение САПР  |e научно-технический сборник  |h Вып. 1  |f Томский политехнический университет ; под ред. В. К. Погребного 
210 |a Томск  |c Изд-во ТПУ  |d 1997 
215 |a 262 с. 
330 |a Настоящий сборник содержит результаты научно-исследовательских работ, выполненных на кафедре Авто­матизации проектирования Томского политехнического университета. Представлены три направления исследова­ний: автоматизированное проектирование распределен­ных систем реального времени; обработка данных и мо­делирование; методы решения ряда инженерных задач в области проектирования. 
610 1 |a автоматизация 
610 1 |a проектирование 
610 1 |a математическое обеспечение 
610 1 |a программное обеспечение 
610 1 |a обработка 
610 1 |a моделирование 
610 1 |a инженерные задачи 
610 1 |a труды учёных ТПУ 
610 1 |a данные 
675 |a 681.3.06  |v 3 
702 1 |a Погребной  |b В. К.  |c специалист в области информатики и вычислительной техники  |c профессор Томского политехнического университета, доктор технических наук  |f 1942-  |g Владимир Кириллович  |3 (RuTPU)RU\TPU\pers\19853  |4 340  |9 7790 
712 0 2 |a Томский политехнический университет  |3 (RuTPU)RU\TPU\col\376 
801 0 |a RU  |b 63413507  |c 20011209  |g PSBO 
801 2 |a RU  |b 63413507  |c 20181015  |g PSBO 
942 |c BK